[Event "FIDE WCCC U12 2018"]
[Site "Santiago de Compostela"]
[Date "2018.11.09"]
[Round "5"]
[White "Haack, Kevin"]
[Black "Pavesi, Brando"]
[Result "1-0"]
[WhiteElo "1911"]
[BlackElo "2073"]
[Annotator "NA RC"]
[PlyCount "61"]
[EventDate "2018.11.04"]
[EventType "swiss"]
[EventCountry "ESP"]
[SourceTitle "playchess.com"]
[Source "ChessBase"]
[SourceQuality "1"]
[TimeControl "40/5400+30:1800+30"]

{[%evp 11,61,8,7,-2,-12,-27,3,-8,14,32767,22,2,21,0,12,32767,32767,32767,32767,32767,32767,-86,-2,32767,0,32767,0,32767,32767,32767,20,32767,14,32767,20,0,0,6,32767,32767,32767,32767,102,32767,32767,125,32767,147,32767,164,154,108]} 1. Nf3 {[%emt 0:00:00]} d5 2. g3 {[%emt 0:00:00]} Nf6 {[%emt 0:01:30]} 3. Bg2 {[%emt 0:00:00]} c6 4. O-O {[%emt 0:00:31]} Nbd7 {[%emt 0:03:00]} 5. d3 {[%emt 0:02:31]} e5 {[%emt 0:02:44]} 6. Nbd2 {[%emt 0:01:01]} Bd6 {[%emt 0:02:13]} 7. e4 {[%emt 0:06:55]} O-O {[%emt 0:03:50]} 8. Re1 {[%emt 0:02:28]} Re8 {[%emt 0:07:50]} 9. b3 {[%emt 0:07:13]} Nf8 {[%emt 0:08:46] LiveBook: 4 Games B10: Caro-Kann: 2 d3 and 2 c4} 10. Bb2 {[%emt 0:07:49]} Ng6 {[%emt 0:04:29]} 11. Rc1 $146 {[%emt 0:04:28]} ({Predecessor:} 11. Nf1 Bd7 12. N3d2 Bc5 13. Ne3 Qb6 14. Qe2 Rad8 15. exd5 Bxe3 16. fxe3 cxd5 17. Kh1 {0-1 (43) Eliseev,U (2550)-Dreev,A (2668) Moscow 2013}) 11... a5 {[%emt 0:10:22]} 12. a3 {[%emt 0:05:12]} d4 {[%emt 0:06:58]} 13. Nc4 {[%emt 0:08:03]} Bf8 {[%emt 0:06:31]} 14. c3 {[%emt 0:03:30]} b5 {[%emt 0:02:55]} 15. Ncd2 {[%emt 0:00:22]} c5 {[%emt 0:02:32]} 16. c4 {[%emt 0:09:41]} (16. a4 $11 {keeps the balance.}) 16... Qb6 {[%emt 0:03:44]} ({Black should try} 16... b4 $17) 17. cxb5 {[%emt 0:02:05]} Qxb5 {[%emt 0:02:58]} 18. a4 {[%emt 0:01:31]} Qa6 {[%emt 0:17:25]} 19. Ba3 {[%emt 0:03:46]} Nd7 {[%emt 0:01:04]} 20. Nc4 {[%emt 0:01:13]} Nb6 {[%emt 0:02:12]} 21. Nfd2 {[%emt 0:04:24]} Rb8 {[%emt 0:02:30]} 22. Rb1 {[%emt 0:02:48]} Be6 {[%emt 0:01:41]} 23. Nxb6 {[%emt 0:02:50]} Rxb6 {[%emt 0:01:57]} 24. Nc4 {[%emt 0:01:33]} Bxc4 {[%emt 0:01:24]} 25. bxc4 {[%emt 0:00:48]} Rxb1 {[%emt 0:01:33]} 26. Qxb1 {[%emt 0:00:08]} Bd6 {[%emt 0:01:28]} (26... Qd6 $11) 27. Qb5 {[%emt 0:03:41]} Qxb5 28. axb5 {[%emt 0:01:13]} Ne7 {[%emt 0:01:28]} 29. Ra1 {[%emt 0:02:00]} Nc8 {[%emt 0:00:44]} 30. Bc1 {[%emt 0:01:02]} Bc7 $16 {[%emt 0:00:17]} 31. Bd2 {[%emt 0:00:38]} 1-0

[Event "FIDE WCCC U12 2018"]
[Site "Santiago de Compostela"]
[Date "2018.11.09"]
[Round "5"]
[White "Nahornyi, Ihor"]
[Black "Flores Quillas, Diego Saul Rodri"]
[Result "1-0"]
[WhiteElo "1900"]
[BlackElo "2205"]
[Annotator "TA"]
[PlyCount "93"]
[EventDate "2018.11.04"]
[EventType "swiss"]
[EventCountry "ESP"]
[SourceTitle "playchess.com"]
[Source "ChessBase"]
[SourceQuality "1"]

{[%evp 18,93,0,-14,46,25,7,-22,-20,-31,-18,-38,-25,-29,-45,-94,-80,-107,-120,-123,-105,-217,-156,-151,-137,-147,-93,-95,-72,-66,-15,-16,-15,-12,-4,-96,-40,-143,-47,-45,-27,-25,27,0,0,0,0,0,23,13,16,20,16,36,11,0,8,0,0,0,-8,-8,-8,-7,8,8,17,0,64,0,0,0,0,0,1167,1008,2631,2216]} 1. e4 c5 2. Nf3 e6 3. d4 cxd4 4. Nxd4 Nf6 5. Nc3 d6 6. Be3 a6 7. f3 b5 8. Qd2 Nbd7 9. g4 h6 10. h4 {LiveBook: 53 Games} Nb6 {B80: Sicilian Scheveningen: 6 g3 and 6 Be3, including English Attack} (10... b4 $11 11. Nce2 d5 12. exd5 Nxd5) (10... b4 11. Na4 d5 12. Rg1 dxe4 13. O-O-O Qa5 14. b3 exf3 15. Nxf3 Bb7 16. Bg2 Nd5 17. Bd4 Nc5 18. Nxc5 Bxc5 {0-1 (18) Karpov,A (2655)-Grischuk,A (2711) Odessa 2008}) 11. Qf2 Nfd7 12. Rg1 Bb7 $146 {The position is equal.} ({Predecessor:} 12... Qc7 13. O-O-O b4 14. Nce2 Nc4 15. Ng3 Ndb6 16. Bxc4 Nxc4 17. Kb1 e5 18. Nde2 {0-1 (58) Otgonjargal,S (2143)-Fransson,A (1910) Khanty-Mansiysk 2010}) 13. Bd3 Rc8 14. g5 hxg5 15. hxg5 g6 16. f4 Nc4 17. O-O-O Nxe3 18. Qxe3 {[#]} Qb6 $1 {And now ...Bg7 would win.} 19. Kd2 (19. Nd5 $17 {is a better defense.} Qa5 20. a3) 19... e5 20. Nde2 Qxe3+ 21. Kxe3 d5 (21... Bg7 $142 22. Rh1 exf4+ 23. Kxf4 O-O) 22. Kd2 d4 23. Nd5 Bd6 ({Black should play} 23... Bxd5 $15 24. exd5 exf4) 24. Rh1 $11 Rxh1 25. Rxh1 Kf8 26. Rf1 (26. f5 $11) 26... Re8 (26... Nc5 $17 27. Rh1 exf4 28. Nexf4 Kg7) 27. c4 ({White should try} 27. f5 $15 gxf5 28. Rxf5) 27... bxc4 (27... dxc3+ $1 $17 28. bxc3 exf4 29. Nexf4 Kg8) 28. Bxc4 $15 Nc5 29. Nf6 Re7 ({Better is} 29... Nxe4+ 30. Nxe4 Bxe4) 30. Bd5 Bxd5 $1 31. exd5 Rb7 32. b3 d3 33. Rh1 {Rh8+ would kill now.} Ke7 34. Rh8 {[%csl Gf6][%cal Rh8e8]} Rb8 35. Rxb8 Bxb8 $11 {[%mdl 4096] Endgame KBN-KNN} 36. Nc3 {Hoping for b4.} e4 $132 {[%mdl 2048] Black has counterplay} 37. Nfxe4 Bxf4+ 38. Kd1 Nd7 39. b4 Ne5 40. a4 Nf3 41. Nc5 {aiming for a5.} Bxg5 42. Nxa6 {Threatens to win with a5.} Be3 (42... f5 $11) 43. Ne4 (43. a5 $14) 43... f5 44. d6+ Kd7 45. Nac5+ Kc6 $2 {[%mdl 8192]} (45... Bxc5 $11 46. Nxc5+ Kxd6) 46. b5+ $18 Kb6 {[#]} 47. a5+ $1 {[%mdl 512] Precision: White = 38%, Black = 34%.} 1-0

[Event "FIDE WCCC U12 2018"]
[Site "Santiago de Compostela"]
[Date "2018.11.09"]
[Round "5"]
[White "Ristic, Luka"]
[Black "Silich, Yahor"]
[Result "1-0"]
[WhiteElo "1897"]
[BlackElo "2058"]
[Annotator "NA RC"]
[PlyCount "59"]
[EventDate "2018.11.04"]
[EventType "swiss"]
[EventCountry "ESP"]
[SourceTitle "playchess.com"]
[Source "ChessBase"]
[SourceQuality "1"]
[TimeControl "40/5400+30:1800+30"]

{[%evp 26,59,48,58,32767,50,47,-10,31,15,31,10,27,3,31,11,32767,32767,32767,32767,32767,122,96,97,32767,32767,267,272,328,427,423,419,32767,29995,29995,29996]} 1. e4 {[%emt 0:00:00]} c5 {[%emt 0:00:00]} 2. Nf3 {[%emt 0:00:00]} Nc6 {[%emt 0:00:00]} 3. d4 {[%emt 0:00:00]} cxd4 {[%emt 0:00:00]} 4. Nxd4 {[%emt 0:00:07]} g6 {[%emt 0:00:12]} 5. c4 {[%emt 0:00:11]} Bg7 {[%emt 0:00:20]} 6. Be3 {[%emt 0:00:06]} Nf6 {[%emt 0:00:06]} 7. Nc3 {[%emt 0:00:04]} O-O {[%emt 0:00:17]} 8. Be2 {[%emt 0:00:16]} d6 {[%emt 0:00:39]} 9. O-O {[%emt 0:00:08]} Bd7 {[%emt 0:00:32]} 10. f3 {[%emt 0:00:52]} Nxd4 {[%emt 0:01:45]} 11. Bxd4 {[%emt 0:00:14]} Bc6 {[%emt 0:00:36]} 12. Qd2 {[%emt 0:00:10]} Nd7 {[%emt 0:02:02]} 13. Be3 {[%emt 0:00:38]} a5 {[%emt 0:02:01]} 14. b3 {[%emt 0:04:56]} Nc5 {[%emt 0:01:44] B38: Sicilian: Maroczy Bind with 5...Bg7 and 7...0-0} 15. Rad1 {[%emt 0:04:04]} (15. Rab1 Qb6 16. Rfc1 Rfc8 17. Bf1 Qb4 18. Qb2 Qb6 19. Kh1 Qd8 20. Qd2 e6 21. Bg5 Qf8 22. Rd1 h6 23. Be3 Rd8 24. a3 Nd7 25. b4 axb4 26. axb4 {0-1 (41) Wang,H (2690)-Bu,X (2713) China 2017}) 15... Qb6 {[%emt 0:03:31]} 16. Kh1 {[%emt 0:05:19]} (16. Nb5 $14) 16... Rfc8 {[%emt 0:02:56]} 17. Nd5 {[%emt 0:15:02]} Bxd5 {[%emt 0:01:30]} 18. exd5 {[%emt 0:00:37]} Qb4 {[%emt 0:04:24]} 19. f4 $146 {[%emt 0:03:30]} ({Predecessor:} 19. Qc2 a4 20. Rb1 axb3 21. axb3 Qc3 22. Qxc3 Bxc3 {0-1 (52) Narendran,G (1918)-Koepke,C (2290) Tegernsee 2017}) 19... Qa3 {[%emt 0:10:09]} 20. Rc1 {[%emt 0:11:11]} Bf6 {[%emt 0:15:39]} 21. Bg4 {[%emt 0:06:35]} Rcb8 {[%emt 0:08:09]} 22. f5 {[%emt 0:06:46]} Qb4 {[%emt 0:05:18]} 23. fxg6 {[%emt 0:01:03]} hxg6 {[%emt 0:00:52]} 24. Qe2 {[%emt 0:02:13]} Kg7 {[%emt 0:09:01]} 25. Bd2 {[%emt 0:03:30]} Qb6 {[%emt 0:05:55] [#]} 26. Bc3 $1 {[%emt 0:00:35]} Re8 {[%emt 0:01:08] [#]} 27. Qf3 $1 {[%emt 0:01:57]} Qd8 {[%emt 0:03:46]} 28. Rce1 {[%emt 0:01:33]} Bxc3 {[%emt 0:06:23]} 29. Qxf7+ {[%emt 0:01:13]} ({Less strong is} 29. Qxc3+ f6 $16) 29... Kh6 {[%emt 0:00:04]} 30. Re3 {[%emt 0:00:11]} 1-0

[Event "FIDE WCCC U12 2018"]
[Site "Santiago de Compostela"]
[Date "2018.11.09"]
[Round "5"]
[White "Nathan, Krishna"]
[Black "Aizenberg, Benny"]
[Result "1-0"]
[WhiteElo "1895"]
[BlackElo "2164"]
[Annotator "TA"]
[PlyCount "117"]
[EventDate "2018.11.04"]
[EventType "swiss"]
[EventCountry "ESP"]
[SourceTitle "playchess.com"]
[Source "ChessBase"]
[SourceQuality "1"]

{[%evp 10,117,42,27,33,20,22,-7,0,-7,0,-20,-12,-15,0,-7,0,-68,33,21,60,29,65,64,70,49,62,0,56,71,97,89,114,97,88,58,97,90,99,61,78,14,21,24,22,28,107,103,102,100,91,83,179,186,200,193,195,185,246,242,235,251,249,240,372,377,593,602,625,465,418,373,363,229,201,146,139,139,208,206,213,213,447,441,29969,29970,29970,29972,29972,29972,29972,29973,29972,29972,29972,29973,29973,29974,29974,29975,29975,29976,29975,29976,29979,29980,29979,29979,29983,29984]} 1. e4 Nf6 2. e5 Nd5 3. d4 d6 4. exd6 cxd6 5. c4 (5. Nf3 Bg4 6. c3 e6 7. Nbd2 Be7 8. Ne4 Bf5 9. Ng3 Bg6 10. Qb3 Qc7 11. Bc4 Nb6 12. Bb5+ Nc6 13. O-O O-O {½-½ (78) Antipov,M (2584)-Sviridov,V (2517) Kolomna 2016}) 5... Nf6 6. Nc3 {LiveBook: 3 Games. B03: Alekhine's Defence: Four Pawns Attack} g6 7. Bd3 Bg7 8. Nge2 {The position is equal.} O-O 9. O-O Nc6 10. f3 $146 ({Predecessor:} 10. a3 a6 11. Be3 Bd7 12. h3 Re8 13. f4 e5 14. fxe5 dxe5 {1-0 (36) Pham,A (1516)-Ek,B (1728) France 2011}) 10... d5 11. c5 e5 12. dxe5 Nxe5 13. Bf4 (13. Be3 $1 $11) 13... Nxd3 (13... Qe7 $15) 14. Qxd3 $14 Bf5 15. Qd2 $1 Re8 16. Nd4 Bd7 17. Ncb5 Nh5 18. Bd6 (18. Bg5 $1 $14 Bxd4+ 19. Nxd4) 18... Bxd4+ (18... b6 $11) 19. Nxd4 b6 20. b4 Ng7 21. Rfe1 {[%cal Bf1e1,Be1e5,Be5e7][%mdl 32]} Qf6 22. f4 {Strongly threatening Be5.} Rac8 23. Be5 Qd8 24. Bxg7 Kxg7 25. Qc3 ({White should try} 25. Rxe8 $16 Bxe8 26. Rc1) 25... Qf6 $11 26. Re5 bxc5 27. bxc5 Bc6 (27... Kg8 $1 $11 {remains equal.}) 28. Nf3 (28. Rae1 {is interesting.} Kg8 29. Nf5 d4 30. Nxd4 Red8 31. h3) 28... Red8 29. Qd4 h6 30. Rae1 $36 {[%mdl 2048] Keeping Black busy.} Kh7 (30... Bd7 $16) 31. Re7 $18 Qxd4+ 32. Nxd4 Kg8 33. Rxa7 Be8 (33... Re8 $142 34. Rxe8+ Bxe8) 34. Rc1 Ra8 35. Rxa8 Rxa8 {[%mdl 4096] Endgame KRB-KRN} 36. c6 Rc8 (36... Kg7 {is a better defense.} 37. Rc5 Kf8 38. Rxd5 Ke7) 37. a4 Kf8 (37... f6 $142 38. a5 Ra8) 38. a5 Ke7 39. Kf2 Kd8 40. Rc5 Ke7 {and the idea ...Kd6 leaves Black hopeful.} 41. Rxd5 Bxc6 42. Nxc6+ Rxc6 {KR-KR} 43. Ke3 Rc2 (43... Ke6 $16 {was worth a try.} 44. Re5+ Kd6) 44. Rd2 Rc3+ 45. Rd3 Rc2 $2 {[#]} (45... Rc6 {keeps fighting.} 46. g4 Re6+ 47. Kd4 Kd6) 46. Ra3 $1 Rxg2 (46... Rc7 $18 47. Kd4 Kd6) 47. a6 {White mates.} Rxh2 48. Ra1 Rh3+ 49. Kf2 Rh2+ 50. Kg3 Rc2 51. a7 Rc3+ 52. Kg2 Rc2+ 53. Kg1 Rc8 54. a8=Q Rxa8 55. Rxa8 Ke6 56. Ra5 f5 57. Ra6+ Kf7 58. Kf2 g5 59. Rxh6 {Precision: White = 67%, Black = 42%.} 1-0

[Event "FIDE WCCC U12 2018"]
[Site "Santiago de Compostela"]
[Date "2018.11.09"]
[Round "5"]
[White "Akhmedinov, Satbek"]
[Black "Tyurin, Artem"]
[Result "1-0"]
[WhiteElo "1856"]
[BlackElo "2018"]
[Annotator "NA RC"]
[PlyCount "133"]
[EventDate "2018.11.04"]
[EventType "swiss"]
[EventCountry "ESP"]
[SourceTitle "playchess.com"]
[Source "ChessBase"]
[SourceQuality "1"]
[TimeControl "40/5400+30:1800+30"]

{[%evp 12,133,18,12,32767,0,16,-15,28,0,35,26,36,40,30,20,60,32767,32767,32767,32767,32767,32767,32767,32767,32767,32767,32767,16,32767,10,-10,32767,32767,32767,-15,-15,-31,32767,32767,-17,32767,0,32767,32767,32767,-35,32767,-25,-39,40,46,32767,0,0,0,0,0,0,32767,32767,35,327,32767,219,32767,190,242,244,99,660,1014,794,458,609,562,614,32767,32767,32767,935,617,12839,645,32767,859,32767,911,6179,864,5293,6175,5181,6279,29989,29989,29980,29988,32767,32767,32767,29981,1929,29981,29995,12838,6860,4133,29991,29985,29982,29980,29986,5081,29982,12844,29983,12845,29983,29984,29986,29987,29992,29993]} 1. e4 {[%emt 0:00:00]} c5 {[%emt 0:00:00]} 2. c3 {[%emt 0:00:00]} d5 {[%emt 0:00:03]} 3. exd5 {[%emt 0:00:00]} Qxd5 {[%emt 0:00:07]} 4. d4 {[%emt 0:00:06]} Nf6 {[%emt 0:04:18]} 5. Nf3 {[%emt 0:00:08]} Bg4 {[%emt 0:01:32]} 6. Be2 {[%emt 0:01:26]} e6 {[%emt 0:02:28]} 7. h3 {[%emt 0:02:23]} Bh5 {[%emt 0:01:19]} 8. Na3 {[%emt 0:01:05]} Nc6 {[%emt 0:12:39]} 9. Be3 {[%emt 0:03:57]} cxd4 {[%emt 0:01:35]} 10. Nb5 $1 {[%emt 0:01:13]} Rc8 {[%emt 0:01:04] LiveBook: 15 Games B22: Sicilian: 2 c3} (10... O-O-O 11. Nbxd4 Bc5 12. O-O e5 13. Nf5 Qe4 14. Nd2 Qxf5 15. Bxc5 Bxe2 16. Qxe2 Qd3 17. Qxd3 Rxd3 18. Nc4 {½-½ (18) Pavasovic,D (2601)-Babula,V (2594) Austria 2008}) 11. Nbxd4 {[%emt 0:02:18]} Nxd4 {[%emt 0:07:35]} 12. Bxd4 {[%emt 0:02:01]} a6 {[%emt 0:25:02]} 13. O-O {[%emt 0:08:46]} Be7 {[%emt 0:00:52]} 14. c4 {[%emt 0:09:45]} Qd7 {[%emt 0:05:11]} 15. b3 $146 {[%emt 0:20:27]} ({Predecessor:} 15. Ne5 Bxe2 16. Nxd7 Bxd1 17. Nb6 Rc6 18. Raxd1 {0-1 (54) Mammadov,Z (2132)-Golubev,R Vung Tau 2008}) 15... Bc5 {[%emt 0:05:16]} 16. Bb2 {[%emt 0:06:41]} Qe7 {[%emt 0:02:02]} 17. Ne5 {[%emt 0:02:57]} Bxe2 {[%emt 0:02:59]} 18. Qxe2 {[%emt 0:00:05]} O-O {[%emt 0:00:05]} 19. Rae1 {[%emt 0:00:48]} Rfd8 {[%emt 0:04:13]} 20. Ng4 {[%emt 0:00:47]} Bd4 {[%emt 0:00:46]} 21. Bc1 {[%emt 0:05:05]} Nxg4 {[%emt 0:03:09]} 22. Qxg4 {[%emt 0:00:06]} e5 {[%emt 0:02:06]} 23. Kh1 {[%emt 0:02:16]} g6 {[%emt 0:03:21]} 24. Qg3 {[%emt 0:02:57]} f6 {[%emt 0:04:12]} 25. Re2 {[%emt 0:05:41]} Re8 {[%emt 0:02:07]} 26. Rfe1 {[%emt 0:00:15]} Qb4 {[%emt 0:02:32]} 27. a3 {[%emt 0:02:26]} Qc3 {[%emt 0:00:58]} 28. Be3 {[%emt 0:00:07]} Rcd8 {[%emt 0:01:16]} 29. Qf3 {[%emt 0:02:54]} e4 {[%emt 0:03:43]} 30. Bd2 {[%emt 0:04:44]} Qc2 {[%emt 0:01:28]} (30... exf3 $2 {too greedy.} 31. Rxe8+ Rxe8 32. Rxe8+ Kf7 33. Bxc3 $18) ({Better is} 30... Qxf3 $11 31. gxf3 Bb6 32. fxe4 Rd3) 31. Qg3 {[%emt 0:04:17]} Be5 {[%emt 0:00:50]} 32. Bf4 {[%emt 0:00:40]} Bxf4 {[%emt 0:00:26]} 33. Qxf4 {[%emt 0:00:04]} Qxb3 {[%emt 0:00:10]} 34. Rxe4 {[%emt 0:00:35]} Rxe4 {[%emt 0:00:48]} 35. Qxe4 {[%emt 0:00:44]} Qxa3 {[%emt 0:00:40]} 36. Qxb7 {[%emt 0:01:12]} Qf8 $2 {[%emt 0:00:35]} (36... Qc3 $14 37. Qe7 Rf8) 37. Qxa6 {[%emt 0:00:20]} Rc8 {[%emt 0:00:27]} (37... Qd6 $14 38. Qb5 Qd2) 38. Rd1 {[%emt 0:01:48]} Re8 {[%emt 0:00:34]} (38... Rc7 $16 {was necessary.}) 39. Rd6 {[%emt 0:01:16]} Kg7 {[%emt 0:00:26] [#]} (39... f5 $142 40. c5 Qe7 41. Qc4+ Kf8) 40. c5 $2 {[%emt 0:00:00]} (40. Qa7+ $1 $18 {is the precise move to win.} Re7 41. Qd4) 40... Rc8 $2 {[%emt 0:00:00]} (40... Qe7 $16) 41. Qb7+ {[%emt 0:02:51]} Kh6 {[%emt 0:05:06]} 42. Qe4 {[%emt 0:06:40]} Rc7 {[%emt 0:18:04]} 43. Qf4+ {[%emt 0:00:52]} Kg7 {[%emt 0:00:17]} 44. c6 {[%emt 0:00:18]} Qe7 {[%emt 0:00:06]} 45. Qd4 {[%emt 0:00:58]} Kf7 {[%emt 0:02:33]} 46. Qd5+ {[%emt 0:00:09]} Kf8 {[%emt 0:01:17]} 47. Rd8+ {[%emt 0:04:23]} (47. Re6 $142 Qf7 48. Qd8+ Kg7 49. Rd6) 47... Kg7 {[%emt 0:00:11]} 48. g3 {[%emt 0:09:53]} f5 {[%emt 0:02:43]} 49. Kg2 {[%emt 0:02:14]} Kh6 {[%emt 0:01:20]} 50. Qd2+ {[%emt 0:01:52]} (50. Rd7 $142 Rxd7 51. cxd7) 50... Qg5 {[%emt 0:01:29]} 51. Qd6 {[%emt 0:03:08]} Rxc6 52. Qf8+ {[%emt 0:00:05]} ({And not} 52. Qxc6 Qxd8 53. Qc1+ Kg7 $11) 52... Kh5 {[%emt 0:01:56]} 53. Qf7 {[%emt 0:00:12]} h6 {[%emt 0:01:57]} 54. Rd4 {[%emt 0:00:06]} Rc2 {[%emt 0:00:33]} 55. Rh4+ {[%emt 0:00:06]} Qxh4 {[%emt 0:00:03]} 56. gxh4 {[%emt 0:00:06]} Re2 {[%emt 0:00:50]} 57. Qd5 {[%emt 0:00:43]} Re4 {[%emt 0:00:11]} 58. Qd1+ {[%emt 0:00:25]} (58. Kg3 $142 Rxh4 59. Qd1+ Rg4+ 60. hxg4+ fxg4 61. Qxg4#) 58... Kxh4 {[%emt 0:00:05]} 59. f3 {[%emt 0:00:32]} Rf4 {[%emt 0:00:26]} 60. Qe1+ {[%emt 0:00:18]} Kh5 {[%emt 0:00:21]} 61. Kg3 {[%emt 0:00:06]} Rd4 {[%emt 0:01:32]} 62. Qe5 {[%emt 0:00:51]} (62. f4 $142 Rd3+ 63. Kg2 Rd7 64. h4 g5 65. Qe8+ Kg4 66. Qxd7 gxh4 67. Qd6) 62... Rb4 {[%emt 0:00:33]} 63. Qc5 {[%emt 0:00:53]} Ra4 {[%emt 0:00:27]} 64. f4 {[%emt 0:00:07]} Re4 {[%emt 0:00:33]} 65. h4 {[%emt 0:02:25]} g5 {[%emt 0:00:29]} 66. hxg5 {[%emt 0:00:45]} hxg5 {[%emt 0:00:23]} 67. Qxf5 {[%emt 0:00:08]} 1-0

[Event "FIDE WCCC U12 2018"]
[Site "Santiago de Compostela"]
[Date "2018.11.09"]
[Round "5"]
[White "Perez Bolanos, David"]
[Black "Tian, Eddy"]
[Result "0-1"]
[WhiteElo "1819"]
[BlackElo "2151"]
[Annotator "TA"]
[PlyCount "90"]
[EventDate "2018.11.04"]
[EventType "swiss"]
[EventCountry "ESP"]
[SourceTitle "playchess.com"]
[Source "ChessBase"]
[SourceQuality "1"]

{[%evp 19,90,0,33,-26,-21,-31,23,29,19,0,32,35,65,27,8,14,28,6,11,12,18,12,12,5,15,-30,-32,0,45,0,0,0,0,0,0,0,0,0,0,0,0,0,0,0,12,9,20,-28,-27,-52,-52,-44,-60,-47,-44,-49,-69,-56,-35,-179,-167,-170,-181,-264,-252,-449,-428,-445,-350,-6061,-5916,-2330,-2318]} 1. e4 g6 2. d4 Bg7 3. c4 d6 4. f4 Nf6 5. Nc3 O-O 6. Nf3 c5 7. d5 e6 8. dxe6 fxe6 9. Bd3 Nc6 10. O-O Nd4 {LiveBook: 79 Games} 11. h3 {E76: King's Indian: Four Pawns Attack: Lines specific to 6 Nf3 move-order} (11. Bd2 $14) (11. Bd2 Bd7 12. Nxd4 cxd4 13. Nb5 Bc6 14. Qe2 Ne8 15. e5 Bxb5 16. cxb5 dxe5 17. fxe5 Nc7 18. Rxf8+ Qxf8 {½-½ (77) Ponomariov,R (2726)-Vovk,Y (2562) Kiev 2012}) 11... Nh5 $11 12. Nxd4 Bxd4+ (12... cxd4 $15 13. Ne2 e5) 13. Kh2 $1 {White has an edge.} Qh4 {[%cal Rh5f4]} 14. Qg4 Qxg4 15. hxg4 Nf6 16. Kg3 $146 ({Predecessor:} 16. g5 Ng4+ 17. Kg3 Ne3 18. Re1 e5 {0-1 (30) Aguilar Garrido,I (2189)-Perpinya Rofes,L (2299) Spain 2004}) 16... h5 17. g5 Ng4 18. Nb5 e5 19. Nxd4 ({Much weaker is} 19. Nxd6 exf4+ 20. Bxf4 {[#]} h4+ $1 {[%mdl 512]} 21. Kxh4 Nf2 $17) 19... exd4 20. Bd2 Bd7 21. b4 b6 22. b5 a6 23. a4 a5 24. Rae1 (24. e5 $5) 24... Rae8 25. Rh1 Kg7 26. Bc1 Rf7 27. Re2 Bc8 28. Bd2 Bb7 29. Rhe1 Ref8 30. Bc1 Bc8 31. Bd2 Ne3 32. Bxe3 dxe3 33. Rf1 {[#]} h4+ $1 {[%mdl 512]} 34. Kxh4 {Strongly threatening Kg3.} Rxf4+ 35. Rxf4 Rxf4+ {[%mdl 4096] Endgame KRB-KRB} 36. Kg3 Rg4+ 37. Kf3 Rxg5 {...Bg4+ is the strong threat.} 38. Rxe3 Kf6 39. Bc2 ({Better is} 39. Kf2 $15) 39... Ke5 40. Rd3 {Threatens to win with Rd5+.} Be6 41. Bb3 (41. Rc3 {keeps fighting.}) 41... Rg4 $19 42. Bc2 $2 (42. Re3) 42... Rf4+ 43. Kg3 Rxe4 44. Rxd6 $2 (44. Kf2) 44... Rg4+ 45. Kf3 Kxd6 {Precision: White = 47%, Black = 71%.} 0-1

[Event "FIDE WCCC U12 2018"]
[Site "Santiago de Compostela"]
[Date "2018.11.09"]
[Round "5"]
[White "Rusonik, Max"]
[Black "Park, Evan"]
[Result "0-1"]
[WhiteElo "1814"]
[BlackElo "1997"]
[Annotator "NA RC"]
[PlyCount "60"]
[EventDate "2018.11.04"]
[EventType "swiss"]
[EventCountry "ESP"]
[SourceTitle "playchess.com"]
[Source "ChessBase"]
[SourceQuality "1"]
[TimeControl "40/5400+30:1800+30"]

{[%evp 13,59,-41,-47,-9,0,-48,-4,-123,-72,32767,32767,32767,32767,32767,32767,32767,32767,-256,-168,-324,-244,-352,32767,32767,32767,32767,32767,32767,32767,-535,32767,-544,32767,32767,-641,-671,32767,-859,32767,32767,-723,-984,-868,32767,-869,-1048,32767,-1231]} 1. e4 {[%emt 0:00:00]} g6 {[%emt 0:00:00]} 2. d4 {[%emt 0:00:02]} Bg7 {[%emt 0:00:00]} 3. Nc3 {[%emt 0:00:50]} d6 {[%emt 0:00:14]} 4. Be3 {[%emt 0:00:52]} a6 {[%emt 0:00:28]} 5. f4 {[%emt 0:01:08]} b5 {[%emt 0:00:27]} 6. a3 {[%emt 0:01:01] B06: Moderne Verteidigung} (6. Bd3 Nd7 7. e5 c5 8. Nf3 Nh6 9. Be4 Rb8 10. dxc5 dxc5 11. h3 Bb7 12. Bxb7 Rxb7 13. g4 Qc8 {0-1 (39) Hou,Y (2658)-Nakamura,H (2777) chess.com INT 2018}) 6... Nd7 {[%emt 0:01:24]} 7. Qf3 {[%emt 0:23:19]} (7. Be2 $11) 7... Bb7 {[%emt 0:02:38]} 8. g4 {[%emt 0:03:26]} c5 {[%emt 0:07:36]} 9. Nge2 $146 {[%emt 0:12:55]} ({Vorgänger:} 9. d5 e6 10. dxe6 fxe6 11. Nh3 d5 12. exd5 Bxc3+ 13. bxc3 Bxd5 {0-1 (23) Balaskas,P (2074)-Martin Alvarez,I (2321) Rethymno 2010}) 9... Rc8 {[%emt 0:09:48]} 10. Rd1 {[%emt 0:20:12]} (10. d5 $11) 10... b4 {[%emt 0:03:19]} 11. axb4 {[%emt 0:00:45]} cxb4 {[%emt 0:00:31]} 12. Na2 {[%emt 0:04:43]} Rxc2 {[%emt 0:03:07]} 13. Bh3 {[%emt 0:00:43]} Rxb2 {[%emt 0:08:39]} 14. Nac1 {[%emt 0:00:16]} e6 {[%emt 0:14:24]} 15. O-O {[%emt 0:03:53]} Ngf6 {[%emt 0:05:38]} 16. Ng3 {[%emt 0:04:28]} (16. d5 $142 exd5 17. Bd4 dxe4 18. Qe3) 16... Qa8 {[%emt 0:03:27]} 17. Bg2 {[%emt 0:01:14]} Nxe4 {[%emt 0:04:03]} 18. Nxe4 {[%emt 0:01:10]} Rxg2+ {[%emt 0:00:12]} 19. Qxg2 {[%emt 0:00:04]} Bxe4 {[%emt 0:00:05]} 20. Qb2 {[%emt 0:00:11]} a5 {[%emt 0:01:19]} 21. Ne2 {[%emt 0:02:51]} O-O {[%emt 0:02:14]} 22. Ng3 {[%emt 0:00:40]} Bf3 {[%emt 0:01:21]} 23. Ra1 {[%emt 0:01:39]} Bxg4 {[%emt 0:01:08]} 24. Rfc1 {[%emt 0:00:52]} Nf6 {[%emt 0:01:15]} 25. Qa2 {[%emt 0:04:28]} Qf3 {[%emt 0:03:17]} 26. Qf2 {[%emt 0:00:08]} Qd5 {[%emt 0:01:24]} 27. Ra2 {[%emt 0:00:30]} b3 {[%emt 0:01:46]} 28. Ra4 {[%emt 0:00:43]} Qb5 {[%emt 0:01:18]} 29. Rca1 {[%emt 0:01:01]} b2 {[%emt 0:00:16]} 30. Rxa5 $19 {[%emt 0:00:05]} bxa1=R+ {[%emt 0:00:53]} 0-1